| 000 | 00551cam a2200169 i 4500 | ||
|---|---|---|---|
| 005 | 20251210112237.0 | ||
| 008 | 250721r1982 le gr 000 0 ara d | ||
| 082 | 1 | 4 |
_a216,25 _bع ت ر |
| 100 | 1 |
_aعتر، نور الدين _eمؤلف. |
|
| 245 | 1 | 2 |
_aالحج و العمرة في الفقه الإسلامي / _cتاليف نورالدين عتر. |
| 250 | _aالطبعة الثالثة. | ||
| 264 | 3 | 1 |
_aبيروت : _bمؤسسة الرسالة، _c1982. |
| 300 | _a314صفحة. | ||
| 650 | 1 | 7 | _aالحج. |
| 942 |
_2ddc _cBK |
||
| 999 |
_c802 _d802 |
||